Name a Valid Country in Oceania - Statistics

General Stats
  • This quiz has been taken 48 times
  • The average score is 13 of 15
Answer Stats
Question Answer % Correct
That has a Union Jack on its flag Australia | Fiji | New Zealand | Tuvalu
100%
That experiences snowfall Australia | New Zealand | Papua New Guinea
97%
With a land area smaller than 100 km² Nauru | Tuvalu
97%
That has a land border with another country Papua New Guinea
97%
With land in the Northern Hemisphere Kiribati | Marshall Islands | Micronesia | Palau
92%
With a maximum elevation above 3000 metres New Zealand | Papua New Guinea
92%
Where average life expectancy at birth is over 80 Australia | New Zealand
86%
With a maximum elevation below 100 metres Kiribati | Marshall Islands | Nauru | Tuvalu
86%
With a population density of over 200 people per km² Marshall Islands | Nauru | Tuvalu
86%
Whose entire landmass is just one island Nauru
86%
That doesn't have the colour blue on its flag Papua New Guinea | Tonga | Vanuatu
86%
Fully outside of the tropics New Zealand
81%
Where minimum elevation is below sea level Australia | New Zealand
73%
Where average life expectancy at birth is below 65 Nauru
73%
Where less than half of the population identify with Christianity Australia | New Zealand
68%
No matching quizzes found
Score Distribution
Percent of People with Each Score
Percentile by Number Answered
Your Score History
You have not taken this quiz